Statistics for Presidential Running Mates Quiz

Click here to take the quiz!

General Stats

  • This quiz has been taken 12,884 times
    (5,693 since last reset)
  • The average score is 12 of 24

Answer Stats

CandidateRunning Mate% Correct
Barack ObamaJoe Biden
96%
Donald TrumpMike Pence
95%
Joe BidenKamala Harris
88%
Bill ClintonAl Gore
87%
John F. KennedyLyndon B. Johnson
85%
Ronald ReaganGeorge H.W. Bush
84%
John McCainSarah Palin
79%
George W. BushDick Cheney
77%
Jimmy CarterWalter Mondale
59%
Mitt RomneyPaul Ryan
57%
George H.W. BushDan Quayle
54%
Richard NixonSpiro Agnew
53%
Hillary ClintonTim Kaine
51%
Lyndon B. JohnsonHubert Humphrey
49%
Gerald FordBob Dole
41%
Walter MondaleGeraldine Ferraro
33%
John KerryJohn Edwards
32%
Al GoreJoe Lieberman
31%
Bob DoleJack Kemp
20%
Michael DukakisLloyd Bentsen
17%
George McGovernSargent Shriver
10%
Richard NixonHenry Cabot Lodge, Jr.
9%
Hubert HumphreyEdmund Muskie
9%
Barry GoldwaterWilliam Miller
8%

Score Distribution

Percentile by Number Answered

Percent of People with Each Score

Your Score History

You have not taken this quiz since the last reset